书目信息 |
| 题名: |
拿破仑文选
|
|
| 作者: | 拿破仑 著 ;陈太先 译 | |
| 分册: | 上卷 | |
| 出版信息: | 北京 商务印书馆 1980 |
|
| 页数: | 446页 | |
| 开本: | 21cm | |
| 丛书名: | ||
| 单 册: | ||
| 中图分类: | E095.65 | |
| 科图分类: | ||
| 主题词: | 军事学术史--法国 , 经济思想--法国 , 军事思想史 | |
| 电子资源: | ||
| ISBN: | ||
| 000 | 00733nam0 2200265 45 | |
| 001 | 0180007833 | |
| 005 | 20061101095221.51 | |
| 010 | @dCNY1.50 | |
| 091 | @a3017.260 | |
| 100 | @a19950630d1980 emky0chiy0121 ea | |
| 101 | 1 | @achi@brus@cfre |
| 102 | @aCN@b110000 | |
| 105 | @ay z 000yy | |
| 200 | 10 | @a拿破仑文选@Ana po lun wen xuan@h上卷@f(法)拿破仑著@F(Fa)Na Po Lun Zhu@g陈太先译 |
| 210 | @a北京@c商务印书馆@d1980 | |
| 215 | @a446页@d21cm | |
| 606 | 0 | @a军事学术史@x法国 |
| 606 | 0 | @a经济思想@x法国 |
| 606 | 0 | @a军事思想史 |
| 690 | @aE095.65@v3 | |
| 701 | 0 | @a拿破仑@4著 |
| 702 | 0 | @a陈太先@AChen Tai Xian@4译 |
| 801 | 0 | @aCN@b上海图书馆@c20061101 |
| 801 | 2 | @aCN@bNLC@c20040421 |
| 905 | @dE095.65@e1:1@f1@b200326 | |
| 拿破仑文选.上卷/(法)拿破仑著/陈太先译.-北京:商务印书馆,1980 |
| 446页;21cm |
| ISBN :CNY1.50 |
| ● |
| 相关链接 |
|
|
|
|
正题名:拿破仑文选
索取号:E095.65/1:1
 
预约/预借
| 序号 | 登录号 | 条形码 | 馆藏地/架位号 | 状态 | 备注 |
| 1 | 0031446 | 001259337 | 密集书库/ [索取号:E095.65/1:1] | 在馆 | |
| 2 | 0031448 | 202350071 | 密集书库/ [索取号:E095.65/1:1] | 在馆 | |
| 3 | 0031449 | 001259319 | 第一借阅区/ [索取号:E095.65/1:1] | 在馆 | |
| 4 | 0200326 | 001259346 | 第一样本阅览室/ [索取号:E095.65/1:1] | 在馆 |